<?xml version="1.0" encoding="UTF-8"?>
<record
    xmlns:xsi="http://www.w3.org/2001/XMLSchema-instance"
    xsi:schemaLocation="http://www.loc.gov/MARC21/slim http://www.loc.gov/standards/marcxml/schema/MARC21slim.xsd"
    xmlns="http://www.loc.gov/MARC21/slim">

  <leader>01042nam a2200169Ia 4500</leader>
  <controlfield tag="008">120626s9999    xx            000 0 und d</controlfield>
  <datafield tag="020" ind1=" " ind2=" ">
    <subfield code="a">970-17-0119-4 \ 978-970-17-0119-5</subfield>
  </datafield>
  <datafield tag="050" ind1=" " ind2=" ">
    <subfield code="a">QA152.2 A54</subfield>
  </datafield>
  <datafield tag="100" ind1=" " ind2=" ">
    <subfield code="a">ANGEL, Allen R., 1942-</subfield>
  </datafield>
  <datafield tag="245" ind1=" " ind2=" ">
    <subfield code="a">&#xC1;lgebra elemental / Allen R. Angel ; traducci&#xF3;n: &#xD3;scar Alfredo Palmas Velasco ; edici&#xF3;n: Enrique Quintanar Duarte</subfield>
  </datafield>
  <datafield tag="250" ind1=" " ind2=" ">
    <subfield code="a">4</subfield>
  </datafield>
  <datafield tag="260" ind1=" " ind2=" ">
    <subfield code="a">M&#xE9;xico : Pearson Educaci&#xF3;n</subfield>
  </datafield>
  <datafield tag="300" ind1=" " ind2=" ">
    <subfield code="a">xxiv, 631 p. : il., fot., gr&#xE1;ficas, tablas ; 26 cm.</subfield>
  </datafield>
  <datafield tag="500" ind1=" " ind2=" ">
    <subfield code="a">Contiene: &#xED;ndice anal&#xED;tico \ Cada cap&#xED;tulo incluye: resumen, ejercicios de repaso y examen de pr&#xE1;ctica \ Ap&#xE9;ndices: A. Repaso de decimales y porcentajes B. Determinaci&#xF3;n del m&#xE1;ximo factor com&#xFA;n y el m&#xED;nimo com&#xFA;n denominador C. Geometr&#xED;a \ Traducido de la </subfield>
  </datafield>
  <datafield tag="650" ind1=" " ind2=" ">
    <subfield code="a">&#xC1;LGEBRA - N&#xDA;MEROS REALES \ ECUACIONES LINEALES \FACTORIZACI&#xD3;N \ ECUACIONES RACIONALES \ RA&#xCD;CES Y RADICALES \ ECUACIONES CUADR&#xC1;TICAS \ EXPONENTES - POLINOMIOS</subfield>
  </datafield>
  <datafield tag="700" ind1=" " ind2=" ">
    <subfield code="a">PALMAS VELASCO, &#xD3;scar Alfredo (tr.) \ QUINTANAR DUARTE, Enrique (ed.)&#xCC;</subfield>
  </datafield>
  <datafield tag="952" ind1=" " ind2=" ">
    <subfield code="0">0</subfield>
    <subfield code="1">0</subfield>
    <subfield code="4">0</subfield>
    <subfield code="7">0</subfield>
    <subfield code="a">22</subfield>
    <subfield code="b">22</subfield>
    <subfield code="d">2010-10-26</subfield>
    <subfield code="l">4</subfield>
    <subfield code="o">QA152.2 A54</subfield>
    <subfield code="p">17 000817</subfield>
    <subfield code="r">2022-10-05</subfield>
    <subfield code="s">2022-09-17</subfield>
    <subfield code="t">1</subfield>
    <subfield code="w">2012-06-26</subfield>
    <subfield code="y">LB</subfield>
  </datafield>
  <datafield tag="999" ind1=" " ind2=" ">
    <subfield code="c">73181</subfield>
    <subfield code="d">73181</subfield>
  </datafield>
</record>
